| 000 | 00385cam a2200157ua 4500 | ||
|---|---|---|---|
| 041 |
_aeng _h |
||
| 082 |
_a930 _bEFI/MO |
||
| 100 | _aEfimove, A.V . | ||
| 245 |
_aModern History / _cA.V.Efimove. _hTextual Documents |
||
| 260 |
_aMoscow : _bPublishing house "proveshcheniye" , _c1966. |
||
| 300 | _a288 ; . | ||
| 504 | _a | ||
| 942 | _cBK | ||
| 999 |
_c716 _d716 |
||